Statistiques concernant Drapeaux des pays commençant par A

Cliquez ici pour prendre le quiz!

Statistiques générales

  • Ce quiz a été pris 177 fois
  • Le résultat moyen est 13 sur 14

Statistiques - réponses

Réponse% Correct
Afrique du Sud
100%
Algérie
100%
Allemagne
100%
Argentine
100%
Australie
100%
Arabie Saoudite
99%
Albanie
98%
Autriche
95%
Arménie
92%
Angola
90%
Andorre
88%
Azerbaïdjan
87%
Afghanistan
82%
Antigua-et-Barbuda
71%

Distribution des résultats

Percentile par nombre de réponses

% des personnes avec chaque résultat

Votre développement - résultats

Vous n’avez pas pris ce quiz